00358pab a2200121 454500008004000000100001700040245008400057260000900141300001400150650003100164650001500195773002600210180718b2005 xxu||||| |||| 00| 0 eng d aStokes, Doug aThe heart of empire? Theorising US empire in an era of transnational capitalism c2005 ap.217-36. aCapitalism - United States aCapitalism aThird World Quarterly